Statistics for People by Picture - G

Click here to take the quiz!

General Stats

  • This quiz has been taken 586 times
  • The average score is 9 of 18

Answer Stats

Answer% Correct
Gandhi
94%
George Washington
91%
George W. Bush
90%
George Clooney
84%
Gwyneth Paltrow
73%
Galileo
60%
Gwen Stefani
59%
Gal Gadot
52%
Gene Wilder
52%
Gary Oldman
50%
Gerard Butler
48%
George Orwell
43%
Grace Kelly
40%
Gary Barlow
34%
Giuseppe Garibaldi
12%
Gertrude Stein
7%
Gustav Klimt
6%
Giovanni da Verrazzano
2%

Score Distribution

Percentile by Number Answered

Percent of People with Each Score

Your Score History

You have not taken this quiz